| 000 | 00529cam a2200193ua 4500 | ||
|---|---|---|---|
| 001 | 2141 | ||
| 008 | 110811n ii |||gr||||Z||||||asm | ||
| 040 | _cMAIN | ||
| 082 | _a370.15 | ||
| 100 |
_aThakur, Sabita, _eAuthor. |
||
| 245 | 1 |
_aShiksha mmonobigyan aru saikhik parisankhya _cby Sabita Thakur |
|
| 250 | _a1st. | ||
| 260 |
_aDibrugarh: _bBanalata,991. |
||
| 300 |
_a348p: _c23cm. |
||
| 653 | _aEducation | ||
| 653 | _aShiksha mmonobigyan aru saikhik parisankhya | ||
| 700 |
_aGoswami, Rajani Kanta, _eAuthor. |
||
| 942 | _cBK | ||
| 999 |
_c2009 _d2009 |
||